Arctic Monkeys Lyrics - Who The F*** Are Arctic Monkeys? - Statistics

General Stats
  • This quiz has been taken 33 times
  • The average score is 185 of 292
Answer Stats
Lyrics % Correct
a
100%
The
96%
the
96%
I
93%
"Who
93%
it
89%
We
89%
Arctic
85%
Monkeys?"
85%
to
85%
and
81%
And
81%
Are
81%
are
81%
for
81%
is
81%
Is
81%
Or
81%
or
81%
-so
81%
it's
78%
It's
78%
where
78%
You
78%
you
78%
you,
78%
all
74%
All
74%
Don't
74%
Have
74%
they
74%
When
74%
be
70%
But
70%
got
70%
if
70%
just
70%
Just
70%
Not
70%
not
70%
shout
70%
someone
70%
their
70%
want
70%
what
70%
been
67%
'em
67%
f***'s
67%
stick
67%
them
67%
there
67%
they're
67%
us
67%
we've
67%
won't
67%
Yeah,
67%
Yeah
67%
adore
63%
aren't
63%
at
63%
care
63%
everybody
63%
guns
63%
had
63%
in
63%
my
63%
never
63%
on
63%
paranoia?
63%
say
63%
seem
63%
Tell
63%
told
63%
we'll
63%
your
63%
Your
63%
you've
63%
Doing
59%
looks
59%
out
59%
that
59%
time
59%
Will
59%
will
59%
wrong
59%
'Cause
56%
'cause
56%
funny
56%
his
56%
I'm
56%
of
56%
Oh,
56%
settled
56%
somebody
56%
suicide
56%
take
56%
trigger
56%
being
52%
crack
52%
everybody's
52%
five
52%
having
52%
heroes
52%
him
52%
lost
52%
push
52%
sniggers?
52%
Think
52%
unhinge
52%
up
52%
wants
52%
we're
52%
years'
52%
before
48%
compromise
48%
done
48%
faith
48%
really
48%
said
48%
something
48%
tongue
48%
already
44%
angry,
44%
backlash
44%
bring
44%
disappointed
44%
long
44%
marketing
44%
settlers
44%
that's
44%
there's
44%
with
44%
Christopher
41%
Columbus
41%
head
41%
near
41%
Play
41%
tongues
41%
box
37%
couple
37%
hundred
37%
this
37%
thoughts
37%
escape
33%
escape?
33%
lining
33%
mess
33%
-Doh
30%
Here
30%
divides
26%
fake
26%
bad
22%
derisory
22%
start
22%
multiply
19%
'round
11%
Linger
7%
No matching quizzes found
Score Distribution
Percent of People with Each Score
Percentile by Number Answered
Your Score History
You have not taken this quiz